| 000 | 00669nam a2200217Ia 4500 | ||
|---|---|---|---|
| 003 | OSt | ||
| 005 | 20230518141409.0 | ||
| 008 | 210423s2002 xx 000 0 und d | ||
| 020 | _a0-12-476249-2 | ||
| 040 | _cAL | ||
| 041 | _aeng | ||
| 082 |
_a576.64 MART _223 |
||
| 100 |
_aMARUTA (Hiroshi). _9108269 |
||
| 245 | _aTumor suppressing viruses genes and drugs: innovative cancer therapy approaches. | ||
| 260 |
_aBangalore _bAcademic Press _c2002 |
||
| 300 |
_axv,425 _bPB |
||
| 365 |
_b6299.37 _cUSD |
||
| 650 |
_aMicrobiology _9108270 |
||
| 906 | _aapproaches. ; cancer ; drugs: ; genes ; innovative ; suppressing ; therapy ; Tumor ; viruses | ||
| 942 |
_2ddc _cBK |
||
| 999 |
_c165093 _d165093 |
||